|
|
|
|
| LEADER |
01611nam a2200325 u 4500 |
| 001 |
10047836 |
| 003 |
GR-PaULI |
| 005 |
20210117210656.0 |
| 008 |
030903s1964 fr fre |
| 040 |
|
|
|a GR-PaULI
|c GR-PaULI
|b gre
|e AACR2
|
| 041 |
|
|
|a fre
|h rus
|
| 082 |
0 |
4 |
|a 512.554
|2 23
|
| 100 |
1 |
|
|9 169882
|a Gelʹfand, I. M.
|e συγγραφέας.
|q (Izrailʹ Moiseevich)
|
| 240 |
|
|
|a Kommutativnye normirovannye kol't︠s︡a.
|l Γαλλικά.
|
| 245 |
1 |
4 |
|a Les anneaux normés commutatifs /
|c par I.M. Gelfand, D.A. Raikov, G.E. Chilov ; avec un appendice par J.P. Kahane, P. Malliavin ; traduit du russe par Jean Luc et Myriam Verley.
|
| 260 |
|
|
|a [Paris] :
|b Gauthier-Villars,
|c 1964.
|
| 300 |
|
|
|a 258 σ. ;
|c 24 εκ.
|
| 490 |
1 |
|
|a Monographies internationales de mathématiques modernes
|v 5.
|
| 504 |
|
|
|a Περιλαμβάνει βιβλιογραφία.
|
| 505 |
0 |
|
|a
|
| 650 |
|
4 |
|a Δακτύλιοι (Άλγεβρα)
|9 5380
|
| 650 |
|
4 |
|a Χώροι του Banach
|9 27411
|
| 700 |
1 |
|
|9 90745
|a Raikov, D. A.
|e συγγραφέας.
|q (Dmitriĭ Abramovich)
|
| 700 |
1 |
|
|9 4273
|a Shilov, G. E.
|e συγγραφέας.
|q (Georgii Evgenevich)
|
| 765 |
|
|
|i Μετάφραση του :
|t Kommutativnye normirovannye kol't︠s︡a.
|
| 830 |
|
|
|9 170046
|a Monographies internationales de mathématiques modernes
|v 5.
|
| 942 |
|
|
|2 ddc
|c BK15
|
| 952 |
|
|
|0 0
|1 0
|2 ddc
|4 0
|6 512_554000000000000_GEL
|7 0
|9 224167
|a LISP
|b LISP
|c BSC
|d 2018-07-11
|e Βιβλιοθήκη Μαθηματικού.
|i 124049
|l 0
|o 512.554 GEL
|p 025000041879
|r 2018-07-11 00:00:00
|t 1
|y BK15
|
| 998 |
|
|
|c ΜΠΟΥΡΑΣ
|d 2018-07
|
| 999 |
|
|
|c 135415
|d 135415
|